000
00293nam a2200121Ia 4500
008
190216s9999||||xx |||||||||||||| ||und||
100
_a
Leonid V Azaroff
245
0
_a
Intorduction To Solids
260
_b
Tata Mcgrawhill Publishers
_c
1981
300
_a
977p
650
_a
Chemistry
942
_c
BK
999
_c
2315
_d
2315